000 00526nam a2200181Ia 4500
003 GCL
008 140319s9999 xx 000 0 eng d
040 _aGCL /
_cGCL
082 0 4 _a595.774
_bW F
100 1 _aWHILE, IANM
245 1 0 _aFRUIT FIIES OF ECONOMIC SIGNIFCANCE: THEIR IDENTIFICATION AND BIOECONOMICS /
_cWHILE, IANM
700 1 _aELSON-HARRIS, MARLENE M.
260 _a[S.N] :
_bC. A. B INTERNATIONAL ،
_c1992
300 _a601 P
650 0 4 _aFRUIT- FLIES
650 0 4 _aBIOLOGICAL CONTRALE
942 _2ddc
_cBK
999 _c16730
_d16730